000 03583nam a22004337a 4500
005 20100821115339.0
010 _aB-388294-309
020 _a9788184992113
_c195.00
035 _aB-388294-309
037 _bBlueberry Books
082 _a030
100 _aAston, Claire
_915854
245 _aAtlas of the world /
_cby Claire Aston; illustrated by Gary Hincks [and] Steve Noon
260 _aMumbai
_bShree Book Centre
_c2009
270 _a8 Kakad Industria Estate, S, Keer Marg, Off. L.J. Road, Matunga West,
_bMumbai
_e400016
300 _a32p.:
_bcol. ill.
_c28cm(Hb)
490 _aUniversal children's encyclopedia of knowledge
_vbook-2
_915855
500 _aIncludes index
700 _aHincks, Gary
_915856
700 _aNoon, Steve
_915857
942 _2ddc
_cCH
_h030
_mAST
999 _c32844
_d32844